| 000 | 00466 a2200181 4500 | ||
|---|---|---|---|
| 003 | OSt | ||
| 005 | 20180116182915.0 | ||
| 008 | 160519b xxu||||| |||| 00| 0 eng d | ||
| 020 | _a0 | ||
| 040 | _c0 | ||
| 082 | _a297 AYO 2001 | ||
| 100 | _aMuhamoud M. Ayoub | ||
| 245 |
_aIslam Faith and Practice _cMuhamoud M. Ayoub |
||
| 260 |
_aLahore _bSuhail Academy Lahore Pakistan _c2001 |
||
| 300 |
_a223 p. _bHB |
||
| 500 | _aHardcover | ||
| 942 |
_aNBS _cBK _k297 AYO _2ddc |
||
| 999 |
_c348335 _d348335 |
||